书目信息 |
| 题名: |
化学的故事
|
|
| 作者: | 畲田 , 李晶 , 畲田 , 李晶 编著 | |
| 分册: | ||
| 出版信息: | 长春 北方妇女儿童出版社 2010.04 |
|
| 页数: | 159页 | |
| 开本: | 24cm | |
| 丛书名: | 课本中的故事 | |
| 单 册: | ||
| 中图分类: | O6-49 | |
| 科图分类: | ||
| 主题词: | 化学--Hua Xue--青少年读物 | |
| 电子资源: | ||
| ISBN: | 978-7-5385-4228-8 | |
| 000 | 01005nam 2200325 450 | |
| 001 | CAL 012010223880 | |
| 005 | 20111230155913.93 | |
| 010 | @a978-7-5385-4228-8@dCNY25.00 | |
| 099 | @aCAL 012010223880 | |
| 100 | @a20101028d2010 ekmy0chiy50 ea | |
| 101 | 0 | @achi |
| 102 | @aCN@b220000 | |
| 105 | @aac z 000yd | |
| 200 | 1 | @a化学的故事@AHua Xue De Gu Shi@d= The story of chemistry@f畲田, 李晶编著@Fshe tian,li jing bian zhu@zeng |
| 205 | @a第2版 | |
| 210 | @a长春@c北方妇女儿童出版社@d2010.04 | |
| 215 | @a159页@c图 (部分彩图), 肖像@d24cm | |
| 225 | 2 | @a课本中的故事@AKe Ben Zhong De Gu Shi |
| 300 | @a新课程标准拓展阅读 | |
| 410 | 0 | @12001 @a课本中的故事 |
| 510 | 1 | @aStory of chemistry@zeng |
| 606 | 0 | @a化学@AHua Xue@j青少年读物 |
| 690 | @aO6-49@v4 | |
| 701 | 0 | @a畲田@AShe Tian@4编著 |
| 701 | 0 | @a李晶@ALi Jing@4编著 |
| 701 | 0 | @a畲田@Ashe tian@4编著 |
| 701 | 0 | @a李晶@Ali jing@4编著 |
| 801 | 0 | @aCN@bSYNU@c20111230 |
| 905 | @aZUCC@dO6-49@eS344=2@f3 | |
| 998 | @aSYNU | |
| 化学的故事= The story of chemistry/畲田, 李晶编著.-第2版.-长春:北方妇女儿童出版社,2010.04 |
| 159页:图 (部分彩图), 肖像;24cm.-(课本中的故事) |
| 新课程标准拓展阅读 |
| ISBN 978-7-5385-4228-8:CNY25.00 |
| ● |
| 相关链接 |
|
|
|
正题名:化学的故事
索取号:O6-49/S344=2
 
预约/预借
| 序号 | 登录号 | 条形码 | 馆藏地/架位号 | 状态 | 备注 |
| 1 | 1189654 | 211896545 | 自科库401/401自科库 61排4列5层/ [索取号:O6-49/S344=2] | 在馆 | |
| 2 | 1189655 | 211896554 | 自科库401/401自科库 61排4列5层/ [索取号:O6-49/S344=2] | 在馆 | |
| 3 | 1189656 | 211896563 | 自科库401/401自科库 61排4列5层/ [索取号:O6-49/S344=2] | 在馆 |